|
|
|
|
| LEADER |
00000nam0a2200000 4500 |
| 001 |
340332 |
| 005 |
20240119125615.0 |
| 035 |
|
|
|a (RuTPU)RU\TPU\book\367102
|
| 090 |
|
|
|a 340332
|
| 100 |
|
|
|a 20180315d2017 m y0rusy50 ca
|
| 101 |
0 |
|
|a rus
|
| 102 |
|
|
|a RU
|
| 105 |
|
|
|a a j 001zy
|
| 200 |
1 |
|
|a Основы геологического 3D-моделирования в ПК Petrel "Schlumberger"
|e практикум
|f Т. Г. Перевертайло
|g Национальный исследовательский Томский политехнический университет (ТПУ)
|
| 210 |
|
|
|a Томск
|c Изд-во ТПУ
|d 2017
|
| 215 |
|
|
|a 111 с.
|c ил.
|
| 320 |
|
|
|a Библиогр.: с. 111
|
| 330 |
|
|
|a В практикуме изложена методика построения геологических ЗD-моделей нефтяных и газовых месторождений с использованием программного комплекса Petrel ("Schlumberger") версии 2015 г. Разработан для студентов, обучающихся по специальности 21.05.02 "Прикладная геология", специализация "Геология нефти и газа", и магистров по направлению 05.04.01 "Геология", профиль подготовки "Нефтегазопромысловая геология".
|
| 606 |
1 |
|
|a Нефтегазовые месторождения
|x Компьютерное моделирование
|2 stltpush
|3 (RuTPU)RU\TPU\subj\70288
|9 84642
|
| 610 |
1 |
|
|a практикумы
|
| 610 |
1 |
|
|a труды учёных ТПУ
|
| 610 |
1 |
|
|a геологическое моделирование
|
| 610 |
1 |
|
|a 3D-моделирование
|
| 610 |
1 |
|
|a Petrel
|
| 610 |
1 |
|
|a Schlumberger
|
| 610 |
1 |
|
|a пользовательский интерфейс
|
| 610 |
1 |
|
|a структурное моделирование
|
| 610 |
1 |
|
|a 3D-сетка
|
| 610 |
1 |
|
|a скважинные данные
|
| 610 |
1 |
|
|a углеводороды
|
| 610 |
1 |
|
|a запасы
|
| 610 |
1 |
|
|a оценка
|
| 675 |
|
|
|a 553.98(076.5)
|v 4
|
| 700 |
|
1 |
|a Перевертайло
|b Т. Г.
|c геолог
|c доцент Томского политехнического университета, кандидат геолого-минералогических наук
|f 1969-
|g Татьяна Геннадьевна
|3 (RuTPU)RU\TPU\pers\26247
|9 12033
|
| 712 |
0 |
2 |
|a Национальный исследовательский Томский политехнический университет (ТПУ)
|c (2009- )
|3 (RuTPU)RU\TPU\col\15902
|
| 801 |
|
1 |
|a RU
|b 63413507
|c 20180315
|
| 801 |
|
2 |
|a RU
|b 63413507
|c 20180328
|g RCR
|
| 942 |
|
|
|c BK
|